Países y territorios con íconos - Aleatorios - Estadísticas

Estadísticas generales
  • Esta prueba ha sido intentada 38 veces
  • La puntuación promedio es 14 de 42
Estadísticas de respuestas
Imagen Respuesta % Correcto
Andorra
100%
Argentina
100%
Australia
100%
Brasil
100%
Catar
100%
China
100%
Corea del Norte
100%
Croacia
100%
España
100%
Gabón
100%
Guinea
100%
Irlanda
100%
Islas Marshall
100%
Italia
100%
Japón
100%
Kuwait
100%
México
100%
Polonia
100%
Portugal
100%
República Democrática del Congo
100%
San Marino
100%
Sudán del Sur
100%
Tailandia
100%
Taiwán
100%
Sri Lanka
83%
Países Bajos
80%
Israel
78%
Canadá
75%
Corea del Sur
75%
Nueva Zelanda
75%
Singapur
75%
Vietnam
75%
Alemania
67%
Angola
67%
Argelia
67%
Egipto
67%
Esuatini
67%
Indonesia
67%
Jamaica
67%
Perú
67%
Rumania
67%
Rusia
67%
Noruega
63%
Kenia
60%
República del Congo
60%
Bangladés
57%
Arabia Saudita
50%
Aruba
50%
Austria
50%
Baréin
50%
Camboya
50%
Chipre
50%
Cuba
50%
Finlandia
50%
Fiyi
50%
Francia
50%
Grecia
50%
Groenlandia
50%
Guatemala
50%
Guyana
50%
India
50%
Islas Malvinas
50%
Islas Salomón
50%
Jordania
50%
Kazajistán
50%
Kiribati
50%
Liberia
50%
Macedonia del Norte
50%
Malasia
50%
Marruecos
50%
Nauru
50%
Papúa Nueva Guinea
50%
Puerto Rico
50%
Serbia
50%
Ucrania
50%
Zambia
50%
Zimbabue
50%
Mongolia
43%
Burundi
40%
Comoras
40%
Estados Federados de Micronesia
40%
Honduras
40%
Hong Kong
40%
Níger
40%
Ruanda
40%
Samoa Americana
40%
Siria
40%
Sudáfrica
40%
Suecia
40%
Afganistán
33%
Barbados
33%
Bosnia y Herzegovina
33%
Brunéi
33%
Etiopía
33%
Filipinas
33%
Gambia
33%
Guayana Francesa
33%
Irán
33%
Kosovo
33%
Lesoto
33%
Letonia
33%
Libia
33%
Madagascar
33%
Nepal
33%
Nicaragua
33%
Palestina
33%
Paraguay
33%
Seychelles
33%
Tanzania
33%
Uganda
33%
Uzbekistán
33%
Yemen
33%
Bolivia
29%
Antártida
25%
Bélgica
25%
Botsuana
25%
Bután
25%
Cabo Verde
25%
Costa Rica
25%
Ecuador
25%
Georgia
25%
Islandia
25%
Kirguistán
25%
Liechtenstein
25%
Lituania
25%
Luxemburgo
25%
Nigeria
25%
Polinesia Francesa
25%
República Checa
25%
Suiza
25%
Tayikistán
25%
Tonga
25%
Turquía
25%
Vanuatu
25%
Venezuela
25%
Azerbaiyán
20%
Bielorrusia
20%
Camerún
20%
Guinea-Bisáu
20%
Nueva Caledonia
20%
Santo Tomé y Príncipe
20%
Timor Oriental
20%
Somalia
17%
Belice
14%
Eslovenia
14%
Mauritania
14%
Mozambique
14%
San Vicente y las Granadinas
14%
Albania
0%
Antigua y Barbuda
0%
Armenia
0%
Bahamas
0%
Benín
0%
Bermudas
0%
Bulgaria
0%
Burkina Faso
0%
Chad
0%
Chile
0%
Ciudad del Vaticano
0%
Colombia
0%
Costa de Marfil
0%
Curazao
0%
Dinamarca
0%
Dominica
0%
El Salvador
0%
Emiratos Árabes Unidos
0%
Eritrea
0%
Eslovaquia
0%
Estados Unidos
0%
Estonia
0%
Ghana
0%
Gibraltar
0%
Granada
0%
Guinea Ecuatorial
0%
Haití
0%
Hungría
0%
Irak
0%
Islas Caimán
0%
Islas Feroe
0%
Laos
0%
Líbano
0%
Macao
0%
Malaui
0%
Maldivas
0%
Mali
0%
Malta
0%
Mauricio
0%
Moldavia
0%
Mónaco
0%
Montenegro
0%
Myanmar
0%
Namibia
0%
Omán
0%
Pakistán
0%
Palaos
0%
Panamá
0%
Reino Unido
0%
República Centroafricana
0%
República Dominicana
0%
Samoa
0%
San Cristóbal y Nieves
0%
Santa Lucía
0%
Senegal
0%
Sierra Leona
0%
Sudán
0%
Surinam
0%
Togo
0%
Trinidad y Tobago
0%
Túnez
0%
Turkmenistán
0%
Tuvalu
0%
Uruguay
0%
Yibuti
0%
No se encontraron pruebas coincidentes
Distribución de puntuación
Porcentaje de gente con cada puntuación
Porcentaje por número respondido
Historial de tus puntuaciones
No has intentado esta prueba.